Kanye West - Yeezus - Lyrics Quiz - Statistics

General Stats
  • This quiz has been taken 107 times
  • The average score is 6 of 10
Answer Stats
Hint Answer % Correct
But first, you gon' remember how to forget Bound 2
81%
I keep it 300, like the Romans Black Skinhead
78%
I throw these Maybach keys, I wear my heart on the sleeve New Slaves
66%
Soon as I pull up and park the Benz On Sight
66%
When you tried your first molly Blood On The Leaves
63%
Hurry up with my damn croissants I Am A God
63%
Slightly scratch your Corolla Hold My Liquor
62%
She into Leos and I was into trios Guilt Trip
54%
Disrespect we no tek, no way José I'm In It
52%
Tight dress dancin' close to him, Yeezus just rose again Send It Up
43%
No matching quizzes found
Score Distribution
Percent of People with Each Score
Percentile by Number Answered
Your Score History
You have not taken this quiz